Прогнозирование русловых деформаций в бьефах речных гидроузлов

التفاصيل البيبلوغرافية
المؤلف الرئيسي: Лапшенков В. С. Вячеслав Степанович
اللغة:الروسية
منشور في: Ленинград, Гидрометеоиздат, 1979
الموضوعات:
التنسيق: كتاب
KOHA link:https://koha.lib.tpu.ru/cgi-bin/koha/opac-detail.pl?biblionumber=366255

MARC

LEADER 00000nam0a2200000 4500
001 366255
005 20231102011850.0
035 |a (RuTPU)RU\TPU\retro\23618 
090 |a 366255 
100 |a 20220203d1979 km y0rusy50 ca 
101 0 |a rus 
102 |a RU 
105 |a a z 001zy 
200 1 |a Прогнозирование русловых деформаций в бьефах речных гидроузлов  |f В. С. Лапшенков 
210 |a Ленинград  |c Гидрометеоиздат  |d 1979 
215 |a 240 с.  |c ил. 
320 |a Библиогр.: с. 225-236 
320 |a Предм. указ.: с. 237-238 
606 1 |a Русло реки  |x Динамика  |2 stltpush  |3 (RuTPU)RU\TPU\subj\26364  |9 50311 
610 1 |a русловые деформации 
610 1 |a русловые деформации 
610 1 |a прогнозирование 
610 1 |a речные гидротехнические сооружения 
610 1 |a гидроузлы 
610 1 |a руслоформирующие процессы 
610 1 |a бьефы 
675 |a 627.15  |v 4 
700 1 |a Лапшенков  |b В. С.  |g Вячеслав Степанович 
801 1 |a RU  |b 63413507  |c 20220203 
942 |c BK